logo

Bir Sreshtho Munshi Abdur Rouf Library
Jhenaidah Cadet College

Discover the monuments of Bangladesh / (Record no. 7355)

MARC details
000 -LEADER
fixed length control field 00855cam a2200289 a 4500
001 - CONTROL NUMBER
JCCL Control Number 7355
003 - CONTROL NUMBER IDENTIFIER
JCCL marc code BD-JhCC
005 - DATE AND TIME OF LATEST TRANSACTION
control field 20180208100155.0
008 - FIXED-LENGTH DATA ELEMENTS--GENERAL INFORMATION
fixed length control field 850816s1984 bg ab b 001 0 eng
020 ## - INTERNATIONAL STANDARD BOOK NUMBER
Terms of availability Tk250.00
035 ## - SYSTEM CONTROL NUMBER
system control number (BD-JhCC)7355
040 ## - CATALOGING SOURCE
Original cataloging agency DLC
Transcribing agency DLC
Modifying agency DLC
-- BD-JhCC
041 ## - LANGUAGE CODE
Language code of Book eng
050 00 - LIBRARY OF CONGRESS CALL NUMBER
Classification number DS393.3
Item number .N39 1984
082 00 - DEWEY DECIMAL CLASSIFICATION NUMBER
Classification number 915.49/2045
DDC Edition number 19
Author mark and Year AHM 2009
100 1# - MAIN ENTRY--PERSONAL NAME
Personal name Ahmed, Nazimuddin,
Dates associated with a name 1926-2009
245 10 - TITLE STATEMENT
Title Discover the monuments of Bangladesh /
Statement of responsibility, etc Nazimuddin Ahmed ; editor, John Sanday.
260 ## - PUBLICATION, DISTRIBUTION, ETC. (IMPRINT)
Place of publication, distribution, etc Dhaka :
Name of publisher, distributor, etc University Press,
Date of publication, distribution, etc 1984.
300 ## - PHYSICAL DESCRIPTION
Pagination 261 p. :
Other physical details ill. (some col.), maps ;
Dimensions 23 cm.
500 ## - GENERAL NOTE
General note Includes index.
504 ## - BIBLIOGRAPHY, ETC. NOTE
Bibliography, etc Bibliography: p. 257-261.
650 #0 - SUBJECT ADDED ENTRY--TOPICAL TERM
Topical term or geographic name as entry element Monuments
Geographic subdivision Bangladesh
Form subdivision Guidebooks.
651 #0 - SUBJECT ADDED ENTRY--GEOGRAPHIC NAME
Geographic name Bangladesh
Form subdivision Guidebooks.
700 1# - ADDED ENTRY--PERSONAL NAME
Personal name Sanday, John.
942 ## - ADDED ENTRY ELEMENTS (KOHA)
Source of classification or shelving scheme Dewey Decimal Classification
Koha item type Books
Holdings
Source of classification or shelving scheme Damaged status Not for loan Home library Current library Shelving location Total Checkouts Full call number Barcode Date last seen Copy number Koha item type
Dewey Decimal Classification     JCC Rouf Library JCC Rouf Library General Stacks   915.49/2045 AHM 2009 9852 02/08/2018 C - 1 Books

JCC Library | Contacts | JCC Home

Last Update on 23 September 2017
Copyright @ 2017-2020 JCC Rouf Library
Rouf Library, Jhenidah Cadet College (JCC), Bangladesh